000 00381nam a22001457a 4500
005 20200619141152.0
008 200619b xxu||||| |||| 00| 0 eng d
082 _a345.4 LIC
110 _aALL INDIA REPORTER
_96221
245 _aLABOUR AND INDUSTRIAL CASES [1971] V-4 JOURNAL
260 _aMUMBAI
_bALL INDIA REPORTER Pvt
300 _a832p
650 _aLAW
_95701
942 _cJRL
999 _c7317
_d7315